Đừng để trầm cảm tấn công bạn
Sách giới thiệu những phương pháp khoa học vượt bậc sẽ ngay lập tức giúp bạn cải thiện trạng thái tinh thần và có cách nhìn nhận tích cực về cuộc sông thông qua: Thấu hiểu tâm trạng của bản thân. Triệt tiêu cảm xúc tiêu cực. Vượt qua m...
में बचाया:
| मुख्य लेखक: | |
|---|---|
| अन्य लेखक: | , , |
| स्वरूप: | पुस्तक |
| भाषा: | Vietnamese |
| प्रकाशित: |
H.
Phụ nữ
2017
|
| विषय: | |
| टैग : |
टैग जोड़ें
कोई टैग नहीं, इस रिकॉर्ड को टैग करने वाले पहले व्यक्ति बनें!
|
| Thư viện lưu trữ: | Thư viện Trường Đại học Nam Cần Thơ |
|---|
| LEADER | 01353nam a22002297a 4500 | ||
|---|---|---|---|
| 001 | NCT_58387 | ||
| 008 | 190119b xxu||||| |||| 00| 0 vie d | ||
| 999 | |c 2828 |d 2828 | ||
| 020 | |a 9786045638965 |c 120000 | ||
| 082 | 0 | 4 | |2 23rd ed. |a 616.852706 |b B967 |
| 100 | 1 | |a Burns, David | |
| 245 | 1 | 0 | |a Đừng để trầm cảm tấn công bạn |c David Burns ; Dịch: Uông Xuân Vy, Du Yên, Vi Thảo Nguyên |
| 260 | |a H. |b Phụ nữ |c 2017 | ||
| 300 | |a 299 tr. |c 24cm | ||
| 520 | 3 | |a Sách giới thiệu những phương pháp khoa học vượt bậc sẽ ngay lập tức giúp bạn cải thiện trạng thái tinh thần và có cách nhìn nhận tích cực về cuộc sông thông qua: Thấu hiểu tâm trạng của bản thân. Triệt tiêu cảm xúc tiêu cực. Vượt qua mặc cảm tội lỗi. Đối phó với thái độ thù địch và hành vi chỉ trích.... | |
| 653 | |a Sách tham khảo | ||
| 700 | 1 | |a Uông Xuân Vy |e Dịch | |
| 700 | 1 | |a Du Yên |e Dịch | |
| 700 | 1 | |a Vi Thảo Nguyên |e Dịch | |
| 942 | |2 ddc |c BK | ||
| 952 | |0 0 |1 0 |2 ddc |4 0 |6 616_852706000000000_B967 |7 0 |9 15339 |a 000001 |b 000001 |d 2019-01-19 |o 616.852706 B967 |p TK.01278 |r 2019-01-19 |v 120000.00 |w 2019-01-19 |y BK | ||
| 980 | |a Thư viện Trường Đại học Nam Cần Thơ | ||


